| 000 | 01093nac a22003131i 4500 | ||
|---|---|---|---|
| 003 | EG-ScBUE | ||
| 005 | 20241126105840.0 | ||
| 008 | 241126t1996 ilua f b 001 0 eng d | ||
| 020 | _a0256139016 | ||
| 020 | _a9780256139013 | ||
| 040 |
_aEG-ScBUE _beng _erda _cEG-ScBUE _dEG-ScBUE |
||
| 082 | 0 | 4 |
_a519.5 _bMAS _222 |
| 100 | 1 |
_aMason, Robert Deward, _eauthor. |
|
| 245 | 1 | 0 |
_aStatistical techniques in business and economics / _cRobert D. Mason, Douglas A. Lind, Both of the University of Toledo. |
| 250 | _aNinth edition. | ||
| 264 | 1 |
_aChicago : _bIrwin, _c[1996] |
|
| 264 | 4 | _cc1996 | |
| 300 |
_axix, 871 pages : _billustrations (some color) ; _c26 cm |
||
| 336 |
_2rdacontent _atext _btxt |
||
| 337 |
_aunmediated _2rdamedia _bn |
||
| 338 |
_avolume _bnc _2rdacarrier |
||
| 504 | _aIncludes bibliographical references and index. | ||
| 650 | 7 |
_aSocial sciences _xStatistical methods. _2BUEsh |
|
| 650 | 7 |
_aEconomics _xStatistical methods. _2BUEsh |
|
| 650 | 7 |
_aCommercial statistics. _2BUEsh |
|
| 655 | _vReading book | ||
| 700 | 1 |
_aLind, Douglas A., _eauthor. |
|
| 942 |
_cBB _2ddc |
||
| 999 |
_c3872 _d3872 |
||